| 000 | 00678nam a22001937a 4500 | ||
|---|---|---|---|
| 008 | 130301t xxu||||| |||| 00| 0 eng d | ||
| 020 | _a9-780`-9957-4780 | ||
| 082 |
_222 ed. _a346.02 _bPOO |
||
| 100 |
_aPoole,Jill _96966 |
||
| 245 |
_aCasebook on Contract Law / _cJill Poole |
||
| 250 | _a10 ed | ||
| 260 |
_aUSA : _bOxford University press _c2011 |
||
| 300 |
_axlii, 781 P. ; _c24 cm. |
||
| 500 | _aIncludes Index | ||
| 650 |
_aContract Law _96967 |
||
| 650 |
_aCasebook on Contract Law _96968 |
||
| 942 |
_2ddc _cBK |
||
| 999 |
_c5289 _d5289 |
||